Villes d'Occitanie par Images Satellite - Statistiques

Statistiques générales
  • Ce quiz a été pris 32 fois
  • Le résultat moyen est 18 sur 50
Statistiques - réponses
Par images Hint Réponse % Correct
Gard Nîmes
93%
Haute Garonne Toulouse
93%
Pyrénées Orientales Perpignan
86%
Hérault Montpellier
83%
Hérault Sète
83%
Tarn Albi
79%
Aveyron Rodez
79%
Ariège Foix
59%
Tarn Castres
55%
Tarn Mazamet
55%
Hérault Béziers
52%
Lot Cahors
48%
Gard Alès
45%
Gers Condom
45%
Pyrénées Orientales Argelès-sur-Mer
41%
Aude Carcassonne
41%
Hérault La Grande Motte
41%
Hautes Pyrénées Lourdes
41%
Tarn et Garonne Montauban
41%
Aude Narbonne
41%
Aveyron Saint Affrique
41%
Hautes Pyrénées Tarbes
41%
Gers Auch
38%
Lot Figeac
38%
Aveyron Millau
38%
Lozère Mende
34%
Hérault Agde
31%
Ariège Pamiers
28%
Pyrénées Orientales Prades
24%
Aveyron Villefranche de Rouergue
24%
Aude Castelnaudary
21%
Hérault Clermont l'Hérault
21%
Aude Limoux
21%
Hérault Lunel
21%
Haute Garonne Saint Gaudens
21%
Gers L'Isle Jourdain
17%
Ariège Mirepoix
17%
Haute Garonne Revel
17%
Ariège Saint Girons
17%
Haute Garonne Bagnères de Luchon
14%
Tarn et Garonne Castelsarrasin
14%
Tarn et Garonne Caussade
14%
Tarn Lavaur
14%
Lozère Marvejols
14%
Gard Bagnols sur Cèze
10%
Tarn Carmaux
10%
Lot Gourdon
10%
Gers Mirande
10%
Haute Garonne Grenade
7%
Tarn et Garonne Valence
3%
Aucun quiz correspondant
Distribution des résultats
% des personnes avec chaque résultat
Percentile par nombre de réponses
Votre historique - résultats
Vous n’avez pas pris ce quiz